Účtovná závierka 2003 v sústave jednoduchého účtovníctva

Záväzné právne predpisy pre sústavu jednoduchého účtovníctva. Účtovná závierka, účtovné knihy, kontrola účtovania, správnosť účtovníctva. Vyhodnotenie daňového zatriedenia. Uzávierka účtovania majetku a záväzkov, účtov peňažných prostriedkov, zúčtovacích vzťahov, zásob, dlhodobého majetku, finančné...

ver descrição completa

Na minha lista:
Detalhes bibliográficos
Autor principal: Pecháčová, Tatjana
Formato: Capítulo de Livro
Idioma:eslovaco
Assuntos:
Tags: Adicionar Tag
Sem tags, seja o primeiro a adicionar uma tag!

MARC

LEADER 00000naa$a2200000$$$4500
001 0004666
005 20230919094510.9
041 0 |a slo 
044 |a SK 
245 1 0 |a Účtovná závierka 2003 v sústave jednoduchého účtovníctva  |c aut. Tatjana Pecháčová 
520 |a Záväzné právne predpisy pre sústavu jednoduchého účtovníctva. Účtovná závierka, účtovné knihy, kontrola účtovania, správnosť účtovníctva. Vyhodnotenie daňového zatriedenia. Uzávierka účtovania majetku a záväzkov, účtov peňažných prostriedkov, zúčtovacích vzťahov, zásob, dlhodobého majetku, finančného majetku, uzávierka ostatných účtov, daňového členenia príjmov a výdavkov. Typické uzávierkové účtovné operácie. 
610 2 0 |a závierka účtovná 
610 2 0 |a účtovníctvo jednoduché 
610 2 0 |a 2003 
100 1 |a Pecháčová, Tatjana